LEADER 00866nam0-22002891i-450- 001 990007250880403321 005 20021010 035 $a000725088 035 $aFED01000725088 035 $a(Aleph)000725088FED01 035 $a000725088 100 $a20021010d--------km-y0itay50------ba 101 0 $aita 200 1 $a<>developpements recents en matiere de securite sociale$eXIII Assemblee generale, Londres, 12-22 mai 1958. 210 $aGeneve$cA.I.S.S.$d1959. 215 $a156 p.$d24 cm 300 $aDono Navarra. 676 $a344 710 02$aInternational social security association$0264202 801 0$aIT$bUNINA$gRICA$2UNIMARC 901 $aBK 912 $a990007250880403321 952 $aLAV-556$b5304 dip.$fDDRC 959 $aDDRC 996 $aDeveloppements recents en matiere de securite sociale$9687305 997 $aUNINA DB $aGEN01 LEADER 01139nam0 2200313 450 001 000020978 005 20080304102445.0 010 $a978-0-387-98326-4 100 $a20080221d2006----km-y0itaa50------ba 101 0 $aeng 102 $aUS 200 1 $aPlant physiological ecology$fHans Lambers, F. Stuart Chapin 3., Thijs L. Pons 210 $aNew York... [etc.]$cSpringer$dc2006 215 $aXXVII, 540 p.$d24 cm. 606 1 $aEcologia vegetale 676 $a581.7$v(21. ed.)$9Ecologia vegetale 676 $a571.2$v(21. ed.)$9Fisiologia e soggetti connessi. Piante e microrganismi 700 1$aLambers,$bHans$065368 701 1$aChapin,$bF. Stuart 3.$0443597 701 1$aPons,$bThijs L.$079682 801 0$aIT$bUniversità della Basilicata - B.I.A.$gRICA$2unimarc 912 $a000020978 996 $aPlant physiological ecology$985529 997 $aUNIBAS BAS $aAGRARIA CAT $aSTD059$b01$c20080221$lBAS01$h1311 CAT $aTTM$b30$c20080304$lBAS01$h1024 FMT Z30 -1$lBAS01$LBAS01$mBOOK$1BASA2$APolo Tecnico-Scientifico$2DID$BDidattica$3PTS.s2.p19.20$6106749$5T106749$820080221$f98$FConsultazione